LEADER 01079nam a2200253 i 4500 001 000000070092 003 CaOOAMICUS 005 20040519000000.0 008 040519s1970 it u000 u ita u 013 $a41264 040 $aSeMil$bita 100 1 $aRathke, Ewald.$0(OLS)http://semarc/name/34926 245 12$aL'espressionismo /$cdi Ewald Rathke. 260 $aMilano :$bFratelli Fabbri Editori,$ccopyr. 1970. 300 $a100 p. :$briccamente ill. ;$c31 cm. 490 0 $aMensili d'arte : [scuole, movimenti, personalità della pittura moderna] ;$v32 500 $aContiene : Bibliografia. 650 4$aEspressionismo.$0(OLS)http://semarc/subject/13959 830 0$aMensili d'arte : [scuole, movimenti, personalità della pittura moderna] ;$v32.$0(OLS)http://semarc/title/590 850 $aSeMil 852 $aSeMil$W1$xVenegono$y1$m5J VI 32$j36245$B36245$CSeMilBibl$Z2$F36248 $81 961 $aOmaggio: Donazione 996 $6245$aL'espressionismo$9(OLS)http://semarc/title/120406 996 $6260$aMilano :$bFratelli Fabbri Editori$9(OLS)http://semarc/publisher/29845 LEADER 01482nam a2200301 i 4500 001 000000072922 003 CaOOAMICUS 005 20120822000000.0 008 120822s2000 xx u000 u spa u 013 $a44094 020 $a84-89561-15-X 040 $aSeMil$bita 100 1 $aNúñez González, Gerardo.$0(OLS)http://semarc/name/36100 245 10$aTutela penal del Sacramento de la penitencia :$bla competencia de la Congregación para la doctrina de la fe /$cGerardo Núnez González. 260 $aBerriozar (Navarra) :$bNavarra Gráfica,$ccopyr. 2000. 300 $a309 p. ;$c24 cm. 490 0 $aColección Canónica 500 $aContiene : Bibliografia. 650 4$aPenitenza .$0(OLS)http://semarc/subject/3014 650 4$aSacre Congregazioni - Congregazione per la Dottrina della Fede .$0(OLS)http://semarc/subject/14764 650 4$aPenitenza - Diritto canonico.$0(OLS)http://semarc/subject/4559 830 0$aColección Canónica.$0(OLS)http://semarc/title/641 850 $aSeMil 852 $aSeMil$W1$xVenegono$y1$m2H V 113$j39075$B39075$CSeMilBibl$Z2$F39078 $81 961 $aOmaggio: Scuola Cattolica 996 $6020$a84-89561-15-X$9(OLS)http://semarc/number/52290 996 $6245$aTutela penal del Sacramento de la penitencia :$bla competencia de la Congregación para la doctrina de la fe$9(OLS)http://semarc/title/117657 996 $6260$aBerriozar (Navarra) :$bNavarra Gráfica$9(OLS)http://semarc/publisher/31964